Swami Dayanand Saraswati : (Record no. 56597)
[ view plain ]
| 000 -LEADER | |
|---|---|
| fixed length control field | 00848nam a22002297a 4500 |
| 005 - DATE AND TIME OF LATEST TRANSACTION | |
| control field | 20110908145123.0 |
| 008 - FIXED-LENGTH DATA ELEMENTS--GENERAL INFORMATION | |
| fixed length control field | 110908t xxu||||| |||| 00| 0 eng d |
| 010 ## - LCCN (DPL NO) | |
| LC control number | ENG-103789 |
| 020 ## - INTERNATIONAL STANDARD BOOK NUMBER | |
| Terms of availability | 350.00 |
| International Standard Book Number | 9788178440552 |
| 035 ## - SYSTEM CONTROL NUMBER | |
| System control number | EN-87322 |
| 037 ## - SOURCE OF ACQUISITION | |
| Source of stock number/acquisition | DBAD/PUB |
| 040 ## - CATALOGING SOURCE | |
| Original cataloging agency | DPL |
| Language of cataloging | Eng |
| 082 ## - DEWEY DECIMAL CLASSIFICATION NUMBER | |
| Classification number | 238.33 |
| 100 1# - MAIN ENTRY--PERSONAL NAME | |
| Personal name | Bhardwaj, R.R. |
| 9 (RLIN) | 34669 |
| 245 14 - TITLE STATEMENT | |
| Title | Swami Dayanand Saraswati : |
| Statement of responsibility, etc | by R.R.Bhardwaj |
| Remainder of title | inspiring episodes / |
| 260 ## - PUBLICATION, DISTRIBUTION, ETC. (IMPRINT) | |
| Place of publication, distribution, etc | New Delhi |
| Name of publisher, distributor, etc | K.K.Publications |
| Date of publication, distribution, etc | 2010 |
| 270 ## - ADDRESS | |
| Address | 109, 4855/24,Ansari Road,Darya Ganj , |
| City | New Delhi |
| Postal code | 110002 |
| Telephone number | 09490746614 |
| Electronic mail address | kkpdevinder@vsnl.net |
| 300 ## - PHYSICAL DESCRIPTION | |
| Extent | xiii,195p. |
| Dimensions | 22cm (Hb) |
| 650 #0 - SUBJECT ADDED ENTRY--TOPICAL TERM | |
| 9 (RLIN) | 34671 |
| 942 ## - ADDED ENTRY ELEMENTS (KOHA) | |
| Source of classification or shelving scheme | Dewey Decimal Classification |
| Item type | English Books |
| Call number suffix | BHA |
| Classification part | 238.33 |
| Withdrawn status | Lost status | Source of classification or shelving scheme | Damaged status | Not for loan | Collection code | Home library | Current library | Date acquired | Source of acquisition | Cost, normal purchase price | Total Checkouts | Full call number | Barcode | Date last seen | Copy number | Cost, replacement price | Koha item type |
|---|---|---|---|---|---|---|---|---|---|---|---|---|---|---|---|---|---|
| Dewey Decimal Classification | Non-fiction | D.B.Act.Division | D.B.Act.Division | 14/09/2011 | DBAD/PUB | 350.00 | 238.33 BHA | EN-87322 | 14/09/2011 | 1 | 350.00 | English Books |
